[Event "AUT-chT2M 1314"]
[Site "Austria"]
[Date "2013.10.05"]
[Round "2.4"]
[White "Tschohl, Christof"]
[Black "Watzka, Horst"]
[Result "1/2-1/2"]
[WhiteElo "2143"]
[BlackElo "2257"]
[PlyCount "94"]
[EventDate "2013.10.04"]
[EventType "team-tourn"]
[EventRounds "11"]
[EventCountry "AUT"]
[SourceTitle "CBM 156 Extra"]
[Source "ChessBase"]
[SourceDate "2013.10.22"]
[SourceVersion "1"]
[SourceVersionDate "2013.10.22"]
[SourceQuality "1"]
[WhiteTeam "Feffernitz"]
[BlackTeam "Gleisdorf"]
[WhiteTeamCountry "AUT"]
[BlackTeamCountry "AUT"]

1. e4 e5 2. Nf3 Nc6 3. Bc4 Nf6 4. d3 Be7 5. c3 0-0 6. 0-0 d6 7. Re1 Na5 8. Bb5 a6 9. Ba4 b5 10. Bc2 c5 11. Nbd2 Re8 12. Nf1 Nc6 13. Ng3 Bf8 14. d4 cxd4 15. cxd4 Bg4 16. Be3 exd4 17. Bxd4 Nxd4 18. Qxd4 Bxf3 19. gxf3 g6 20. Rad1 h5 21. Ne2 Nd7 22. f4 Qh4 23. Rd3 Rad8 24. Rg3 Qf6 25. f5 h4 26. Qxf6 Nxf6 27. Rf3 g5 28. Nc3 b4 29. Nb1 Ng4 30. Nd2 Ne5 31. Rfe3 Bg7 32. h3 Bf6 33. Bb3 g4 34. Kg2 Bg5 35. hxg4 Bxe3 36. Rxe3 Nxg4 37. Rh3 Nf6 38. Rxh4 Kg7 39. f3 Rh8 40. Rxh8 Rxh8 41. Nc4 Rd8 42. Ne3 Kf8 43. Nc2 a5 44. Nd4 Rc8 45. Kf2 Rc1 46. Ke3 Rb1 47. Nc6 Rxb2 1/2-1/2

[Event "Vienna Husek op-A"]
[Site "Vienna"]
[Date "2012.08.13"]
[Round "1"]
[White "Kottisch, Gustav"]
[Black "Tschohl, Christof"]
[Result "1/2-1/2"]
[WhiteElo "1936"]
[BlackElo "2178"]
[PlyCount "89"]
[EventDate "2012.08.13"]
[EventType "swiss"]
[EventRounds "7"]
[EventCountry "AUT"]
[SourceTitle "EXT 2014"]
[Source "ChessBase"]
[SourceDate "2013.11.20"]
[SourceVersion "1"]
[SourceVersionDate "2013.11.20"]
[SourceQuality "1"]

1. d4 Nf6 2. c4 e6 3. Nc3 b6 4. e4 Bb4 5. Bg5 h6 6. Bxf6 Qxf6 7. e5 Qf4 8. Nge2 Qe4 9. Qd2 Bxc3 10. Qxc3 Bb7 11. f3 Qh4+ 12. g3 Qe7 13. Bg2 c5 14. 0-0 0-0 15. Rad1 Nc6 16. f4 d6 17. d5 exd5 18. cxd5 Na5 19. Rfe1 Rfe8 20. b4 cxb4 21. Qxb4 Rad8 22. Nc3 Ba6 23. Bf1 Bxf1 24. Kxf1 Qd7 25. Kg2 Nb7 26. Nb5 a5 27. Qb1 Rc8 28. Na7 Rc5 29. Nc6 b5 30. Qe4 Rc4 31. Qb1 b4 32. Qd3 Rc3 33. Qd4 Qg4 34. Rd3 Rc2+ 35. Rd2 Qf5 36. Ree2 Rc3 37. exd6 Rxe2+ 38. Rxe2 Qg4 39. Re8+ Kh7 40. Qe4+ f5 41. Qe2 Nxd6 42. Qxg4 fxg4 43. Re2 Rd3 44. Nxa5 Rxd5 45. Nc6 1/2-1/2

[Event "AUT-chT 1112"]
[Site "Austria"]
[Date "2012.01.20"]
[Round "1.6"]
[White "Postl, Anton"]
[Black "Tschohl, Christof"]
[Result "0-1"]
[WhiteElo "2270"]
[BlackElo "2171"]
[PlyCount "50"]
[EventDate "2012.01.20"]
[EventType "team-tourn"]
[EventRounds "11"]
[EventCountry "AUT"]
[SourceTitle "CBM 146 Extra"]
[Source "ChessBase"]
[SourceDate "2012.02.29"]
[SourceVersion "1"]
[SourceVersionDate "2012.02.29"]
[SourceQuality "1"]
[WhiteTeam "Fuerstenfeld"]
[BlackTeam "Raika Feffernitz"]
[WhiteTeamCountry "AUT"]
[BlackTeamCountry "AUT"]

1. d4 Nf6 2. c4 e6 3. Nf3 b6 4. g3 Bb7 5. Bg2 Bb4+ 6. Bd2 Be7 7. 0-0 0-0 8. Nc3 c5 9. d5 exd5 10. Nh4 d6 11. cxd5 Re8 12. Nf5 Bf8 13. e4 Bc8 14. g4 g6 15. Ne3 Qd7 16. g5 Nh5 17. Nf5 b5 18. a3 b4 19. axb4 cxb4 20. Na4 Na6 21. Nd4 Bb7 22. Qb3 Nc5 23. Nxc5 dxc5 24. Nc6 Bxc6 25. dxc6 Qxd2 0-1

[Event "AUT-chT2M 1011"]
[Site "Austria"]
[Date "2010.11.26"]
[Round "3"]
[White "Trummer, Robert"]
[Black "Tschohl, Christof"]
[Result "1/2-1/2"]
[WhiteElo "2080"]
[BlackElo "2151"]
[PlyCount "159"]
[EventDate "2010.10.16"]
[EventType "team-tourn"]
[EventRounds "11"]
[EventCountry "AUT"]
[SourceTitle "EXT 2012"]
[Source "ChessBase"]
[SourceDate "2011.11.24"]
[SourceVersion "1"]
[SourceVersionDate "2011.11.24"]
[SourceQuality "1"]
[WhiteTeam "Gleisdorf"]
[BlackTeam "Raika Feffernitz"]
[WhiteTeamCountry "AUT"]
[BlackTeamCountry "AUT"]

1. e4 d5 2. exd5 Qxd5 3. Nc3 Qd6 4. d4 Nf6 5. Nge2 a6 6. Bf4 Qd8 7. f3 Nc6 8. g4 h5 9. g5 Nd5 10. Nxd5 Qxd5 11. Nc3 Qxd4 12. Qxd4 Nxd4 13. 0-0-0 Ne6 14. Nd5 Bd7 15. Bh3 0-0-0 16. Bxc7 Nxc7 17. Nb6+ Kb8 18. Nxd7+ Ka7 19. Ne5 Rb8 20. Nxf7 Rg8 21. Rd7 Kb6 22. g6 e6 23. Re1 Re8 24. Re5 Kc6 25. Rd3 Be7 26. Rxh5 b5 27. Re5 Bf6 28. Rd6+ Kb7 29. Re1 e5 30. Red1 Re7 31. Rd7 Rxd7 32. Rxd7 Kc6 33. Rd6+ Kb7 34. Bf5 Ne8 35. Be4+ Ka7 36. Rd7+ Kb8 37. a4 Kc8 38. Rd3 Nc7 39. axb5 Nxb5 40. Bf5+ Kc7 41. c3 Re8 42. Kc2 Re7 43. Rd1 Bh4 44. Ra1 Kb6 45. Ra4 Bf6 46. Rc4 Rc7 47. Re4 Nd4+ 48. Kd3 Nxf5 49. Nxe5 Nd6 50. Rb4+ Ka7 51. Ng4 Bg5 52. f4 Be7 53. Ra4 Rb7 54. Ra2 Rb6 55. Ne3 Rb5 56. c4 Rb3+ 57. Kd4 Bf6+ 58. Kd5 Rd3+ 59. Ke6 Rxe3+ 60. Kxd6 Re4 61. c5 Be7+ 62. Kd5 Rxf4 63. b3 Rf6 64. Re2 Bf8 65. Re8 Kb7 66. b4 Kc7 67. Re6 Rf4 68. Rxa6 Rxb4 69. Ra7+ Rb7 70. Ra8 Be7 71. c6 Rb5+ 72. Ke6 Bf6 73. Kf7 Rh5 74. Rg8 Rxh2 75. Rxg7 Bxg7 76. Kxg7 Kxc6 77. Kf7 Kd7 78. g7 Rf2+ 79. Kg6 Rg2+ 80. Kf7 1/2-1/2

[Event "AUT-chT2M 0910"]
[Site "Austria"]
[Date "2010.04.17"]
[Round "10.5"]
[White "Tschohl, Christof"]
[Black "Frank, Dieter"]
[Result "0-1"]
[WhiteElo "2160"]
[BlackElo "2144"]
[PlyCount "120"]
[EventDate "2009.10.10"]
[EventType "team-tourn"]
[EventRounds "11"]
[EventCountry "AUT"]
[SourceTitle "EXT 2011"]
[Source "ChessBase"]
[SourceDate "2010.11.26"]
[SourceVersion "1"]
[SourceVersionDate "2010.11.26"]
[SourceQuality "1"]
[WhiteTeam "Raika Feffernitz"]
[BlackTeam "Villach Admira"]
[WhiteTeamCountry "AUT"]
[BlackTeamCountry "AUT"]

1. e4 e5 2. Nf3 Nc6 3. Bc4 Be7 4. 0-0 Nf6 5. Re1 d6 6. h3 0-0 7. d4 Re8 8. c3 exd4 9. cxd4 d5 10. exd5 Nxd5 11. Qb3 Na5 12. Qc2 Nxc4 13. Qxc4 Be6 14. Qb5 Nb4 15. Na3 c6 16. Qh5 Bf6 17. Bg5 h6 18. Bxf6 Qxf6 19. b3 Nd3 20. Re3 Nf4 21. Qe5 Qxe5 22. dxe5 Rad8 23. Nc4 Bxc4 24. bxc4 Re7 25. Re4 Ne6 26. Nh4 Nc5 27. Re3 g6 28. Nf3 Red7 29. Ree1 Rd3 30. Kf1 Kf8 31. Ke2 Rc3 32. Rac1 Ra3 33. Rc2 Nd3 34. Rb1 b6 35. Kf1 Nc5 36. Nd2 Rad3 37. Nb3 Ne4 38. Rbc1 Ke7 39. Re2 Nc3 40. Ree1 Nxa2 41. Ra1 Rxb3 42. Rxa2 a5 43. c5 b5 44. e6 a4 45. exf7+ Kxf7 46. Rae2 Rd7 47. Re8 a3 48. Rh8 Kg7 49. Ra8 b4 50. Ree8 Rb2 51. g4 a2 52. Kg2 b3 53. Rg8+ Kf6 54. h4 Rb1 55. Raf8+ Ke5 56. Rxg6 a1Q 57. Rf5+ Kd4 58. Rd6+ Rxd6 59. cxd6 Rg1+ 60. Kf3 Qd1+ 0-1

[Event "AUT-chT2M 0910"]
[Site "Austria"]
[Date "2010.02.28"]
[Round "8.5"]
[White "Tschohl, Christof"]
[Black "Weber, Christoph"]
[Result "1/2-1/2"]
[WhiteElo "2160"]
[BlackElo "2208"]
[PlyCount "72"]
[EventDate "2009.10.10"]
[EventType "team-tourn"]
[EventRounds "11"]
[EventCountry "AUT"]
[SourceTitle "EXT 2011"]
[Source "ChessBase"]
[SourceDate "2010.11.26"]
[SourceVersion "1"]
[SourceVersionDate "2010.11.26"]
[SourceQuality "1"]
[WhiteTeam "Raika Feffernitz"]
[BlackTeam "Frauental"]
[WhiteTeamCountry "AUT"]
[BlackTeamCountry "AUT"]

1. e4 c5 2. c3 b6 3. g3 Bb7 4. Bg2 Nf6 5. d3 d5 6. e5 Nfd7 7. d4 e6 8. f4 Nc6 9. Ne2 cxd4 10. cxd4 Bb4+ 11. Bd2 Be7 12. 0-0 f5 13. exf6 Nxf6 14. h3 Qd7 15. Be3 0-0 16. Nd2 Ba6 17. a3 Na5 18. Re1 Rfe8 19. Nc3 Bf8 20. Bf2 Rac8 21. g4 Qd6 22. Qf3 Nd7 23. g5 g6 24. Qg4 Rc6 25. Bg3 Nc4 26. Nxc4 Bxc4 27. Rac1 Bg7 28. Bf2 b5 29. b3 Bd3 30. Qd1 Bf5 31. Nxb5 Rxc1 32. Qxc1 Qb6 33. Bf1 a6 34. Qc7 axb5 35. Qxd7 Rd8 36. Qxb5 Bxd4 1/2-1/2

[Event "AUT-chT2M 0910"]
[Site "Austria"]
[Date "2010.01.31"]
[Round "6.5"]
[White "Tschohl, Christof"]
[Black "Hebesberger, Thomas"]
[Result "1/2-1/2"]
[WhiteElo "2160"]
[BlackElo "2330"]
[PlyCount "71"]
[EventDate "2009.10.10"]
[EventType "team-tourn"]
[EventRounds "11"]
[EventCountry "AUT"]
[SourceTitle "EXT 2011"]
[Source "ChessBase"]
[SourceDate "2010.11.26"]
[SourceVersion "1"]
[SourceVersionDate "2010.11.26"]
[SourceQuality "1"]
[WhiteTeam "Raika Feffernitz"]
[BlackTeam "St Veit/Glan"]
[WhiteTeamCountry "AUT"]
[BlackTeamCountry "AUT"]

1. e4 g6 2. d4 d6 3. f4 c6 4. Nf3 d5 5. Nc3 dxe4 6. Nxe4 Bg7 7. c3 Nf6 8. Nxf6+ Bxf6 9. Bd3 Bg4 10. 0-0 0-0 11. Qc2 Bxf3 12. Rxf3 e6 13. f5 exf5 14. Bxf5 Bg7 15. Bd3 Nd7 16. Bf4 Nb6 17. Qd2 Qd7 18. Bh6 Rae8 19. Bxg7 Kxg7 20. Re1 Nd5 21. Rf2 Rxe1+ 22. Qxe1 Qg4 23. Bc4 Qg5 24. h4 Qd8 25. Re2 f6 26. Re6 Rf7 27. g3 Qc7 28. Kh2 h5 29. Qe4 Qb6 30. Qe2 Qd8 31. Bb3 Rd7 32. Re8 Re7 33. Rxe7+ Qxe7 34. Qxe7+ Nxe7 35. Kg2 g5 36. Be6 1/2-1/2

[Event "AUT-chT2M 0506"]
[Site "Austria"]
[Date "2006.03.25"]
[Round "10.3"]
[White "Tschohl, Christof"]
[Black "Kreisl, Robert"]
[Result "1/2-1/2"]
[WhiteElo "2065"]
[BlackElo "2241"]
[PlyCount "43"]
[EventDate "2005.10.08"]
[EventType "team-tourn"]
[EventRounds "11"]
[EventCountry "AUT"]
[SourceTitle "EXT 2006"]
[Source "ChessBase"]
[SourceDate "2005.11.24"]
[SourceVersion "1"]
[SourceVersionDate "2005.11.24"]
[SourceQuality "1"]
[WhiteTeam "Feffernitz"]
[BlackTeam "Leoben"]
[WhiteTeamCountry "AUT"]
[BlackTeamCountry "AUT"]

1. e4 c5 2. c3 d5 3. exd5 Qxd5 4. d4 cxd4 5. cxd4 Nc6 6. Nf3 Bg4 7. Nc3 Bxf3 8. Nxd5 Bxd1 9. Nc7+ Kd8 10. Nxa8 Bh5 11. Bf4 e5 12. dxe5 Bb4+ 13. Bd2 Bxd2+ 14. Kxd2 Nge7 15. f4 Kd7 16. h3 Bg6 17. g4 Be4 18. Rh2 Rxa8 19. Ke3 Bd5 20. Rd2 Ke8 21. b3 Nb4 22. a3 1/2-1/2

[Event "AUT-chT2M 0506"]
[Site "Austria"]
[Date "2006.03.04"]
[Round "8.2"]
[White "Tkaczuk, Rainer"]
[Black "Tschohl, Christof"]
[Result "1-0"]
[WhiteElo "2261"]
[BlackElo "2065"]
[PlyCount "113"]
[EventDate "2005.10.08"]
[EventType "team-tourn"]
[EventRounds "11"]
[EventCountry "AUT"]
[SourceTitle "EXT 2006"]
[Source "ChessBase"]
[SourceDate "2005.11.24"]
[SourceVersion "1"]
[SourceVersionDate "2005.11.24"]
[SourceQuality "1"]
[WhiteTeam "Ansfelden II"]
[BlackTeam "Feffernitz"]
[WhiteTeamCountry "AUT"]
[BlackTeamCountry "AUT"]

1. e4 e5 2. Nf3 Nc6 3. Nc3 Nf6 4. Bb5 Nd4 5. 0-0 c6 6. Bd3 Nxf3+ 7. Qxf3 Bd6 8. Bc4 0-0 9. d3 b5 10. Bb3 Bb7 11. a4 b4 12. Ne2 Bc7 13. Ng3 d5 14. Nf5 Ne8 15. exd5 Qf6 16. dxc6 Bc8 17. Ne3 Qxf3 18. gxf3 a5 19. Re1 Ra6 20. Nd5 Bd6 21. f4 exf4 22. Bxf4 Bxf4 23. Nxf4 Rxc6 24. f3 Rc5 25. d4 Rg5+ 26. Kf2 Bb7 27. Re5 Rxe5 28. dxe5 Nc7 29. Rd1 Na6 30. Bc4 Nc5 31. b3 h6 32. Nd3 Ne6 33. f4 Rd8 34. Ke3 Nd4 35. Rd2 Nf5+ 36. Kf2 Kf8 37. e6 fxe6 38. Bxe6 Nd4 39. Ne5 Bc8 40. Bxc8 Rxc8 41. Nd7+ Ke8 42. Rxd4 Rd8 43. Ke3 Rxd7 44. Rxd7 Kxd7 45. Kd4 Kd6 46. Kc4 Kc6 47. f5 h5 48. c3 bxc3 49. Kxc3 h4 50. b4 axb4+ 51. Kxb4 h3 52. Kc4 Kb6 53. Kd5 Ka5 54. Ke6 Kxa4 55. Kf7 Kb4 56. Kxg7 Kc4 57. f6 1-0

[Event "AUT-chT2M 0506"]
[Site "Austria"]
[Date "2006.02.04"]
[Round "6.3"]
[White "Kuess, Mario"]
[Black "Tschohl, Christof"]
[Result "0-1"]
[WhiteElo "2039"]
[BlackElo "2065"]
[PlyCount "62"]
[EventDate "2005.10.08"]
[EventType "team-tourn"]
[EventRounds "11"]
[EventCountry "AUT"]
[SourceTitle "EXT 2006"]
[Source "ChessBase"]
[SourceDate "2005.11.24"]
[SourceVersion "1"]
[SourceVersionDate "2005.11.24"]
[SourceQuality "1"]
[WhiteTeam "St Veit/Glan"]
[BlackTeam "Feffernitz"]
[WhiteTeamCountry "AUT"]
[BlackTeamCountry "AUT"]

1. f4 d5 2. Nf3 g6 3. e3 Bg7 4. Be2 Nh6 5. d3 c6 6. c3 Nd7 7. d4 0-0 8. Bd3 Nf6 9. Nbd2 Bf5 10. Qe2 Bxd3 11. Qxd3 Nf5 12. Ne5 Nd6 13. g4 e6 14. Ndf3 Nfe4 15. g5 f6 16. gxf6 Bxf6 17. h4 Nf5 18. Ng5 Nxg5 19. hxg5 Bxe5 20. dxe5 Ng3 21. Rh3 Ne4 22. Bd2 Qb6 23. b3 Rad8 24. Rd1 Rxf4 25. Qd4 Rf5 26. Rh2 Qa6 27. c4 Rdf8 28. Bb4 Rf1+ 29. Ke2 Qxa2+ 30. Bd2 Ng3+ 31. Kd3 Rxd1 0-1

[Event "Feffernitz Raika op 14th"]
[Site "Feffernitz"]
[Date "2005.08.24"]
[Round "5"]
[White "Bartl, Ulf"]
[Black "Tschohl, Christof"]
[Result "1/2-1/2"]
[WhiteElo "2029"]
[BlackElo "2136"]
[PlyCount "26"]
[EventDate "2005.08.21"]
[EventType "swiss"]
[EventRounds "9"]
[EventCountry "AUT"]
[SourceTitle "CBM 108 Extra"]
[Source "ChessBase"]
[SourceDate "2005.11.04"]
[SourceVersion "1"]
[SourceVersionDate "2005.11.04"]
[SourceQuality "1"]

1. d4 Nf6 2. c4 e6 3. Nc3 Bb4 4. e3 0-0 5. Bd3 c5 6. Nge2 d5 7. a3 dxc4 8. Bxc4 cxd4 9. exd4 Be7 10. 0-0 Nc6 11. Bf4 a6 12. Rc1 Nd5 13. Nxd5 exd5 1/2-1/2

[Event "Feffernitz Raika op 14th"]
[Site "Feffernitz"]
[Date "2005.08.23"]
[Round "4"]
[White "Tschohl, Christof"]
[Black "Kahlig, Martin"]
[Result "1-0"]
[WhiteElo "2136"]
[BlackElo "1992"]
[PlyCount "133"]
[EventDate "2005.08.21"]
[EventType "swiss"]
[EventRounds "9"]
[EventCountry "AUT"]
[SourceTitle "CBM 108 Extra"]
[Source "ChessBase"]
[SourceDate "2005.11.04"]
[SourceVersion "1"]
[SourceVersionDate "2005.11.04"]
[SourceQuality "1"]

1. e4 c5 2. c3 d5 3. exd5 Qxd5 4. d4 Nc6 5. Nf3 Bg4 6. Be2 cxd4 7. cxd4 e6 8. 0-0 Nf6 9. Nc3 Qd6 10. Be3 Be7 11. Qb3 0-0 12. a3 a6 13. Rfd1 Nd5 14. Ne4 Qc7 15. Rac1 Bf5 16. Ng3 Nxe3 17. Qxe3 Bg4 18. h3 Bxf3 19. Bxf3 Qb6 20. Rc3 Bf6 21. Rb3 Qa7 22. Bxc6 bxc6 23. Nh5 Qe7 24. Qe4 Rab8 25. Rdd3 Rxb3 26. Rxb3 g6 27. Nxf6+ Qxf6 28. Rf3 Qd8 29. Rc3 Qd5 30. Qxd5 cxd5 31. Rc5 Rb8 32. b4 Kg7 33. Kf1 Kf6 34. Ke2 Rb5 35. Kd3 e5 36. Rc6+ Kf5 37. Rxa6 e4+ 38. Ke3 h5 39. Rc6 Rb7 40. Rd6 Rb5 41. f3 exf3 42. Kxf3 h4 43. Rc6 Rb7 44. Rc5 Ke6 45. Kg4 Ra7 46. Rc6+ Kd7 47. Rc3 Ra6 48. Kxh4 f6 49. Kg3 Re6 50. b5 Re4 51. b6 Re6 52. Rb3 Kc8 53. a4 Re4 54. Rb4 Re3+ 55. Kf4 Ra3 56. h4 Ra2 57. g4 Ra1 58. h5 Rf1+ 59. Kg3 Rg1+ 60. Kf2 Rxg4 61. a5 gxh5 62. a6 Rg8 63. Rb5 h4 64. Rxd5 h3 65. Rh5 Kd7 66. Rxh3 Kc6 67. Rb3 1-0

[Event "AUT-chT2W 0405"]
[Site "Austria"]
[Date "2004.12.04"]
[Round "4.6"]
[White "Tschohl, Christof"]
[Black "Mittelberger, Peter"]
[Result "1/2-1/2"]
[WhiteElo "2143"]
[BlackElo "2257"]
[PlyCount "114"]
[EventDate "2004.10.16"]
[EventType "team-tourn"]
[EventRounds "11"]
[EventCountry "AUT"]
[SourceTitle "EXT 2005"]
[Source "ChessBase"]
[SourceDate "2004.11.15"]
[SourceVersion "1"]
[SourceVersionDate "2004.11.15"]
[SourceQuality "1"]
[WhiteTeam "Hohenems II"]
[BlackTeam "Woergl"]
[WhiteTeamCountry "AUT"]
[BlackTeamCountry "AUT"]

1. e4 d6 2. d4 Nf6 3. Nc3 g6 4. f4 Bg7 5. Nf3 c5 6. Bb5+ Bd7 7. e5 Ng4 8. e6 Bxb5 9. exf7+ Kd7 10. Nxb5 Qa5+ 11. Nc3 cxd4 12. Nxd4 Bxd4 13. Qxd4 Nc6 14. Qc4 Qb6 15. Qe2 h5 16. h3 Nh6 17. Bd2 Nf5 18. 0-0-0 Ng3 19. Qd3 Nxh1 20. Rxh1 Qd4 21. Qxg6 Raf8 22. Ne4 Nd8 23. Re1 Qd5 24. Bc3 Qxf7 25. Qxf7 Nxf7 26. Bxh8 Nxh8 27. Rf1 Ng6 28. f5 Nh4 29. g4 hxg4 30. hxg4 Rg8 31. g5 d5 32. Nc5+ Kc6 33. Nd3 Rxg5 34. f6 exf6 35. Rxf6+ Kc7 36. Nc5 Rg1+ 37. Kd2 Rg2+ 38. Kd3 Ng6 39. Ne6+ Kc8 40. Rf5 Kd7 41. Nd4 Ne7 42. Rf7 Ke8 43. Rh7 a6 44. Ne6 Rg3+ 45. Kd4 Rg2 46. Kc3 Rg6 47. Rh8+ Kf7 48. Nd8+ Kg7 49. Re8 Rg3+ 50. Kd2 Rg2+ 51. Kd3 Rg3+ 52. Ke2 Nf5 53. Nxb7 Nd4+ 54. Kd2 Rg2+ 55. Kd3 Nxc2 56. a3 Nxa3 57. bxa3 Ra2 1/2-1/2

[Event "AUT-chT2W 0304"]
[Site "Austria"]
[Date "2004.03.12"]
[Round "9"]
[White "Tschohl, Christof"]
[Black "Fuerlinger, Harald"]
[Result "1-0"]
[WhiteElo "2141"]
[BlackElo "2097"]
[PlyCount "53"]
[EventDate "2003.10.18"]
[EventType "team-tourn"]
[EventRounds "11"]
[EventCountry "AUT"]
[SourceTitle "EXT 2005"]
[Source "ChessBase"]
[SourceDate "2004.11.15"]
[SourceVersion "1"]
[SourceVersionDate "2004.11.15"]
[SourceQuality "1"]
[WhiteTeam "Hohenems II"]
[BlackTeam "Schwaz"]
[WhiteTeamCountry "AUT"]
[BlackTeamCountry "AUT"]

1. e4 e6 2. d4 d5 3. exd5 exd5 4. c4 Nf6 5. Nc3 c6 6. Nf3 Be7 7. Be2 0-0 8. 0-0 dxc4 9. Bxc4 Nbd7 10. Ne5 Nb6 11. Bb3 Nbd5 12. Qd3 Be6 13. Re1 Nb4 14. Qd1 Bxb3 15. Qxb3 Qc7 16. Bg5 Nbd5 17. Rac1 Rad8 18. Qc4 Nxc3 19. bxc3 Nd5 20. Bxe7 Nxe7 21. Rb1 Nd5 22. Qb3 f6 23. Nf3 b6 24. c4 Nf4 25. g3 Ng6 26. c5+ Qf7 27. cxb6 1-0

[Event "AUT-chT2W 0102"]
[Site "Austria"]
[Date "2002.03.09"]
[Round "10.5"]
[White "Tschohl, Christof"]
[Black "Csrnko, Werner"]
[Result "1/2-1/2"]
[WhiteElo "2136"]
[BlackElo "2035"]
[PlyCount "41"]
[EventDate "2001.10.12"]
[EventType "team-tourn"]
[EventRounds "11"]
[EventCountry "AUT"]
[SourceTitle "EXT 2002"]
[Source "ChessBase"]
[SourceDate "2001.11.25"]
[SourceVersion "1"]
[SourceVersionDate "2001.11.25"]
[SourceQuality "1"]

1. e4 g6 2. d4 Bg7 3. Nc3 d6 4. f4 Nd7 5. Nf3 e5 6. fxe5 dxe5 7. dxe5 Nxe5 8. Qxd8+ Kxd8 9. Bg5+ Ne7 10. Nd5 Nxf3+ 11. gxf3 f6 12. Nxf6 Bxf6 13. Bxf6 Rf8 14. 0-0-0+ Ke8 15. e5 Be6 16. Bxe7 Kxe7 17. Bg2 Rf4 18. b3 Raf8 19. Rd3 R4f5 20. Re1 Rh5 21. h3 1/2-1/2

[Event "AUT-chT2W 0102"]
[Site "Austria"]
[Date "2002.03.08"]
[Round "9.5"]
[White "Neuschmied, Siegfried"]
[Black "Tschohl, Christof"]
[Result "1-0"]
[WhiteElo "2180"]
[BlackElo "2136"]
[PlyCount "64"]
[EventDate "2001.10.12"]
[EventType "team-tourn"]
[EventRounds "11"]
[EventCountry "AUT"]
[SourceTitle "EXT 2002"]
[Source "ChessBase"]
[SourceDate "2001.11.25"]
[SourceVersion "1"]
[SourceVersionDate "2001.11.25"]
[SourceQuality "1"]

1. e4 c5 2. Nf3 Nc6 3. Bb5 g6 4. Bxc6 bxc6 5. 0-0 Bg7 6. c4 Nh6 7. Nc3 0-0 8. d4 cxd4 9. Nxd4 Qb6 10. Nde2 f5 11. Rb1 d6 12. Be3 Qc7 13. Nd5 Qb7 14. Ndc3 Ng4 15. Bd2 fxe4 16. Nxe4 Bf5 17. N2g3 Ne5 18. Bc3 Qd7 19. Qe2 Qe6 20. b3 d5 21. Ng5 Qd6 22. c5 Qf6 23. f4 Bd3 24. Qxe5 Qxe5 25. fxe5 Bxf1 26. Nxf1 Rf5 27. Nf3 Raf8 28. Re1 Rf4 29. N1d2 h5 30. Nd4 Rc8 31. Ne6 Rf5 32. Nf3 Bh8 1-0

[Event "AUT-chT2W 0102"]
[Site "Austria"]
[Date "2002.01.13"]
[Round "8.4"]
[White "Doskocil, Klaus"]
[Black "Tschohl, Christof"]
[Result "1-0"]
[WhiteElo "2201"]
[BlackElo "2136"]
[PlyCount "81"]
[EventDate "2001.10.12"]
[EventType "team-tourn"]
[EventRounds "11"]
[EventCountry "AUT"]
[SourceTitle "EXT 2002"]
[Source "ChessBase"]
[SourceDate "2001.11.25"]
[SourceVersion "1"]
[SourceVersionDate "2001.11.25"]
[SourceQuality "1"]

1. e4 c5 2. Nc3 Nc6 3. Nge2 g6 4. g3 Bg7 5. d3 e6 6. Bg2 Rb8 7. Be3 Nd4 8. Qd2 d6 9. Bxd4 cxd4 10. Nb5 Ne7 11. Nbxd4 0-0 12. 0-0 b5 13. c3 a5 14. a4 bxa4 15. Rxa4 Bd7 16. Ra3 a4 17. Rb1 Qb6 18. b4 f5 19. exf5 Nxf5 20. Nxf5 Rxf5 21. Qe3 Qc7 22. f4 e5 23. Be4 Rh5 24. c4 Bh6 25. Bd5+ Kh8 26. d4 exf4 27. Nxf4 Re8 28. Qf2 Bxf4 29. Qxf4 Rf5 30. Qh4 g5 31. Qh6 Ref8 32. Re3 R8f6 33. Qh5 g4 34. Qh4 Qd8 35. Be4 Qe7 36. Rbe1 Rf2 37. Bd3 Qf7 38. Re7 Bc6 39. d5 Bxd5 40. Re8+ Qg8 41. Qxh7# 1-0

[Event "AUT-chT2W 0102"]
[Site "Austria"]
[Date "2002.01.12"]
[Round "7.3"]
[White "Scheffknecht, Philipp"]
[Black "Tschohl, Christof"]
[Result "1/2-1/2"]
[WhiteElo "2161"]
[BlackElo "2136"]
[PlyCount "33"]
[EventDate "2001.10.12"]
[EventType "team-tourn"]
[EventRounds "11"]
[EventCountry "AUT"]
[SourceTitle "EXT 2002"]
[Source "ChessBase"]
[SourceDate "2001.11.25"]
[SourceVersion "1"]
[SourceVersionDate "2001.11.25"]
[SourceQuality "1"]

1. d4 d5 2. Nf3 Nf6 3. c4 dxc4 4. Qa4+ Nc6 5. e3 a6 6. Bxc4 e6 7. Ne5 Bd7 8. Nxd7 Nxd7 9. Qd1 Nb6 10. Bd3 e5 11. Be4 exd4 12. Bxc6+ bxc6 13. exd4 Bb4+ 14. Nc3 Qe7+ 15. Qe2 Qxe2+ 16. Kxe2 0-0-0 17. Rd1 1/2-1/2

[Event "Oberliga Wuerttemberg 0102"]
[Site "Wuerttemberg"]
[Date "2002.??.??"]
[Round "9"]
[White "Funke, Detlev"]
[Black "Tschohl, Christof"]
[Result "1-0"]
[WhiteElo "2103"]
[BlackElo "2079"]
[PlyCount "133"]
[EventDate "2001.10.01"]
[EventType "team-tourn"]
[EventRounds "9"]
[EventCountry "GER"]
[SourceTitle "EXT 2019"]
[Source "ChessBase"]
[SourceDate "2018.10.10"]
[SourceVersion "1"]
[SourceVersionDate "2018.10.10"]
[SourceQuality "1"]
[WhiteTeam "Tuebingen"]
[BlackTeam "Lindenberg"]
[WhiteTeamCountry "GER"]
[BlackTeamCountry "GER"]

1. c4 e6 2. Nf3 d5 3. g3 Nf6 4. Bg2 Be7 5. 0-0 Nc6 6. d4 0-0 7. b3 Ne4 8. Ba3 Bxa3 9. Nxa3 Qe7 10. Qc1 f5 11. Nb5 a6 12. cxd5 exd5 13. Nc3 Be6 14. e3 Qd6 15. Ne2 Rf6 16. Qb2 g5 17. Ne5 Rh6 18. f3 Nf6 19. Rac1 Ne7 20. Qc3 c6 21. Qc5 Qxc5 22. Rxc5 Ng6 23. Rc2 Nd7 24. Nxd7 Bxd7 25. e4 fxe4 26. fxe4 dxe4 27. Bxe4 Ne7 28. Rc5 g4 29. Rg5+ Ng6 30. Nf4 Rf8 31. Nxg6 Rxf1+ 32. Kxf1 hxg6 33. Rxg6+ Rxg6 34. Bxg6 Be6 35. Bc2 Kg7 36. Kf2 Kf6 37. Ke3 Kg5 38. Bd3 a5 39. Bh7 Bd5 40. Bd3 Be6 41. Bc4 Bd5 42. Bd3 Be6 43. Be4 Bd5 44. Kd3 Kh6 45. Bf5 Kg5 46. Bc8 b5 47. h3 gxh3 48. Bxh3 Bh1 49. Bd7 Bd5 50. Ke3 Bg2 51. Be6 Bh1 52. d5 cxd5 53. Kd4 Be4 54. Bxd5 Bb1 55. a3 Kg4 56. Kc5 Bd3 57. Kb6 Kxg3 58. Kxa5 Kf4 59. Bc6 Ke5 60. Bxb5 Bc2 61. b4 Kd6 62. Kb6 Be4 63. a4 Bf3 64. a5 Be4 65. a6 Bf3 66. a7 Ba8 67. Ba6 1-0